| 000 | 00383nam a2200145 a 4500 | ||
|---|---|---|---|
| 001 | 2970 | ||
| 003 | CDMR | ||
| 005 | 20130116135237.0 | ||
| 008 | 130130s2001||||||||||||||||||||||||||||d | ||
| 040 |
_aCDMR _bcat _cCPC GIRONA |
||
| 100 | 1 |
_aGonzáles Pujalte, Joan Carles _92183 |
|
| 245 | 1 | 0 |
_aNu baixant l'escala _cGonzáles Pujalte, Joan Carles |
| 260 |
_c2001 _bViena poesia |
||
| 942 | _cMON | ||
| 999 |
_c2970 _d2970 |
||